[Event "18th Charleroi Open-A 2019"]
[Site "Charleroi"]
[Date "2019.08.03"]
[Round "9.11"]
[White "Gijsen, Stief"]
[Black "Roger, Mehdi"]
[Result "1/2-1/2"]
[WhiteElo "2227"]
[BlackElo "2125"]
[Annotator "NA"]
[PlyCount "116"]
[EventDate "2019.07.22"]
[EventType "swiss"]
[EventCountry "BEL"]
[SourceTitle "playchess.com"]
[Source "ChessBase"]
[SourceQuality "1"]
[TimeControl "40/5400+30:1800+30"]

1. e4 {[%emt 0:00:00]} e6 {[%emt 0:03:21]} 2. d4 {[%emt 0:00:00]} d5 {[%emt 0:00:05]} 3. Nc3 {[%emt 0:00:00]} Nf6 {[%emt 0:02:00]} 4. Bg5 {[%emt 0:04:34]} dxe4 {[%emt 0:00:45]} 5. Nxe4 {[%emt 0:00:44]} Be7 {[%emt 0:00:36]} 6. Bxf6 {[%emt 0:04:48]} Bxf6 {[%emt 0:03:16]} 7. Nf3 {[%emt 0:00:39]} Bd7 {[%emt 0:01:58]} 8. Nxf6+ {[%emt 0:06:19]} Qxf6 {[%emt 0:00:23]} 9. Ne5 {[%emt 0:00:23]} O-O {[%emt 0:10:14]} 10. Bd3 {[%emt 0:09:51]} c5 {[%emt 0:21:14]} 11. Qh5 {[%emt 0:04:09]} g6 {[%emt 0:00:33]} 12. Qe2 {[%emt 0:01:00]} Bc6 {[%emt 0:15:04]} 13. O-O-O {[%emt 0:10:28]} cxd4 {[%emt 0:15:41]} 14. Kb1 {[%emt 0:10:52]} Bxg2 {[%emt 0:03:32]} 15. Rhg1 {[%emt 0:05:47]} Nc6 {[%emt 0:02:33]} 16. Nd7 {[%emt 0:05:05]} Qf3 {[%emt 0:00:07]} 17. Nxf8 {[%emt 0:01:21]} Rxf8 {[%emt 0:00:05]} 18. Qe1 {[%emt 0:04:13]} Qh3 {[%emt 0:01:44]} 19. f4 {[%emt 0:01:40]} Bd5 {[%emt 0:05:19]} 20. Qf2 {[%emt 0:00:59]} a6 {[%emt 0:07:20]} 21. Rg3 {[%emt 0:05:47]} Qh6 {[%emt 0:02:20]} 22. a3 {[%emt 0:01:11]} Rd8 {[%emt 0:00:37]} 23. f5 {[%emt 0:04:34]} exf5 {[%emt 0:00:23]} 24. Bxf5 {[%emt 0:01:36]} Re8 {[%emt 0:02:02]} 25. Bd7 {[%emt 0:04:12]} Re4 {[%emt 0:00:36]} 26. Bxc6 {[%emt 0:00:36]} Bxc6 {[%emt 0:00:05]} 27. Rgd3 {[%emt 0:00:14]} Rf4 {[%emt 0:00:38]} 28. Qg1 {[%emt 0:03:13]} Bf3 {[%emt 0:00:52]} 29. R1d2 {[%emt 0:01:37]} Qh4 {[%emt 0:00:34]} 30. Rxd4 {[%emt 0:01:08]} Rxd4 {[%emt 0:00:12]} 31. Rxd4 {[%emt 0:00:04]} Qf6 {[%emt 0:00:46]} 32. Qe3 {[%emt 0:00:15]} Bc6 {[%emt 0:00:07]} 33. Rd2 {[%emt 0:03:15]} Kg7 {[%emt 0:00:48]} 34. Qd4 {[%emt 0:02:36]} h5 {[%emt 0:00:38]} 35. c3 {[%emt 0:00:29]} g5 {[%emt 0:00:26]} 36. Kc2 {[%emt 0:00:58]} Kg6 {[%emt 0:00:22]} 37. Qxf6+ {[%emt 0:01:08]} Kxf6 {[%emt 0:00:01]} 38. Kd3 {[%emt 0:00:10]} Ke5 {[%emt 0:00:21]} 39. Ke3 {[%emt 0:02:21]} f5 {[%emt 0:00:07]} 40. Rd8 {[%emt 0:00:04]} f4+ {[%emt 0:00:08]} 41. Kf2 {[%emt 0:30:04]} Kf5 {[%emt 0:11:07]} 42. Rg8 {[%emt 0:00:00]} g4 {[%emt 0:13:00]} 43. Rg7 {[%emt 0:00:00]} h4 {[%emt 0:00:19]} 44. a4 {[%emt 0:00:00]} g3+ {[%emt 0:00:39]} 45. hxg3 {[%emt 0:00:00]} hxg3+ {[%emt 0:04:58]} 46. Kg1 {[%emt 0:00:00]} Ke4 {[%emt 0:02:03]} 47. a5 {[%emt 0:00:00]} Kd3 {[%emt 0:01:10]} 48. c4 {[%emt 0:00:00]} f3 {[%emt 0:02:12]} 49. b4 {[%emt 0:00:00]} Kxc4 {[%emt 0:00:21]} 50. Rxg3 {[%emt 0:00:00]} Kxb4 {[%emt 0:00:04]} 51. Rg5 {[%emt 0:00:00]} Bb5 {[%emt 0:00:20]} 52. Kf2 {[%emt 0:00:00]} Kxa5 {[%emt 0:00:21]} 53. Kxf3 {[%emt 0:00:00]} Kb4 {[%emt 0:00:23]} 54. Ke3 {[%emt 0:00:00]} Bc4 {[%emt 0:00:43]} 55. Kd2 {[%emt 0:00:00]} b5 {[%emt 0:00:39]} 56. Kc2 {[%emt 0:00:00]} Bf1 {[%emt 0:01:13]} 57. Kb2 {[%emt 0:00:00]} Ka4 {[%emt 0:00:18]} 58. Rg1 {[%emt 0:00:11]} Bc4 {[%emt 0:00:38]} 1/2-1/2

[Event "18th Charleroi Open-A 2019"]
[Site "Charleroi"]
[Date "2019.08.03"]
[Round "9.12"]
[White "Roos, David"]
[Black "De Waele, Warre"]
[Result "0-1"]
[WhiteElo "2114"]
[BlackElo "2225"]
[Annotator "NA"]
[PlyCount "57"]
[EventDate "2019.07.22"]
[EventType "swiss"]
[EventCountry "BEL"]
[SourceTitle "playchess.com"]
[Source "ChessBase"]
[SourceQuality "1"]
[TimeControl "40/5400+30:1800+30"]

1. e4 {[%emt 0:00:00]} c5 {[%emt 0:00:00]} 2. Nf3 {[%emt 0:00:00]} d6 {[%emt 0:00:00]} 3. d4 {[%emt 0:00:00]} cxd4 {[%emt 0:00:03]} 4. Nxd4 {[%emt 0:00:03]} Nf6 {[%emt 0:00:14]} 5. Nc3 {[%emt 0:00:04]} a6 {[%emt 0:00:05]} 6. Bg5 {[%emt 0:00:51]} Nbd7 {[%emt 0:00:06]} 7. Qe2 {[%emt 0:00:54]} b5 {[%emt 0:03:05]} 8. f4 {[%emt 0:03:51]} h6 {[%emt 0:14:17]} 9. Bh4 {[%emt 0:10:22]} e5 {[%emt 0:03:42]} 10. O-O-O {[%emt 0:24:25]} g5 {[%emt 0:12:41]} 11. fxe5 {[%emt 0:15:48]} dxe5 {[%emt 0:00:23]} 12. Bg3 {[%emt 0:00:01]} exd4 {[%emt 0:02:37]} 13. e5 {[%emt 0:00:10]} Ng8 {[%emt 0:09:26]} 14. Qe4 {[%emt 0:22:03]} Ra7 {[%emt 0:11:09]} 15. e6 {[%emt 0:03:31]} Ndf6 {[%emt 0:05:43]} 16. Bxb5+ {[%emt 0:02:41]} axb5 {[%emt 0:01:50]} 17. Qc6+ {[%emt 0:00:01]} Bd7 {[%emt 0:01:03]} 18. exd7+ {[%emt 0:00:10]} Qxd7 {[%emt 0:02:27]} 19. Rhe1+ {[%emt 0:00:04]} Be7 {[%emt 0:00:15]} 20. Rxe7+ {[%emt 0:02:57]} Kxe7 {[%emt 0:02:21]} 21. Bd6+ {[%emt 0:00:01]} Ke8 {[%emt 0:05:02]} 22. Re1+ {[%emt 0:00:16]} Kd8 {[%emt 0:00:10]} 23. Qb6+ {[%emt 0:00:08]} Rc7 {[%emt 0:01:33]} 24. Nxb5 {[%emt 0:11:43]} Nd5 {[%emt 0:01:20]} 25. Bxc7+ {[%emt 0:00:01]} Qxc7 {[%emt 0:00:54]} 26. Qa6 {[%emt 0:02:19]} Qxc2+ {[%emt 0:00:22]} 27. Kxc2 {[%emt 0:00:01]} Nb4+ {[%emt 0:00:08]} 28. Kb3 {[%emt 0:00:01]} Nxa6 {[%emt 0:00:09]} 29. Re4 {[%emt 0:00:08]} 0-1

[Event "18th Charleroi Open-A 2019"]
[Site "Charleroi"]
[Date "2019.08.03"]
[Round "9.13"]
[White "Soyunlu, Narmin"]
[Black "Verheyen, Olivier"]
[Result "0-1"]
[WhiteElo "2099"]
[BlackElo "2200"]
[Annotator "NA"]
[PlyCount "62"]
[EventDate "2019.07.22"]
[EventType "swiss"]
[EventCountry "BEL"]
[SourceTitle "playchess.com"]
[Source "ChessBase"]
[SourceQuality "1"]
[TimeControl "40/5400+30:1800+30"]

1. g3 {[%emt 0:00:00]} Nf6 {[%emt 0:00:00]} 2. Bg2 {[%emt 0:00:00]} g6 {[%emt 0:00:00]} 3. c4 {[%emt 0:00:43]} Bg7 {[%emt 0:00:00]} 4. Nc3 {[%emt 0:04:43]} O-O {[%emt 0:00:04]} 5. e4 {[%emt 0:03:15]} d6 {[%emt 0:00:07]} 6. Nge2 {[%emt 0:00:51]} c5 {[%emt 0:00:41]} 7. O-O {[%emt 0:00:51]} Nc6 {[%emt 0:00:15]} 8. h3 {[%emt 0:00:55]} Rb8 {[%emt 0:00:47]} 9. d3 {[%emt 0:07:02]} a6 {[%emt 0:00:13]} 10. a4 {[%emt 0:00:04]} Ne8 {[%emt 0:00:17]} 11. Be3 {[%emt 0:00:13]} b5 {[%emt 0:00:26]} 12. cxb5 {[%emt 0:08:50]} axb5 {[%emt 0:00:25]} 13. Nxb5 {[%emt 0:03:35]} Nc7 {[%emt 0:07:50]} 14. d4 {[%emt 0:32:29]} Nxb5 {[%emt 0:08:31]} 15. axb5 {[%emt 0:00:05]} Rxb5 {[%emt 0:03:43]} 16. Qa4 {[%emt 0:10:42]} Nxd4 {[%emt 0:08:21]} 17. Nxd4 {[%emt 0:04:35]} Rb4 {[%emt 0:00:09]} 18. Qa3 {[%emt 0:03:11]} Bxd4 {[%emt 0:00:18]} 19. Bxd4 {[%emt 0:00:25]} Rxd4 {[%emt 0:00:02]} 20. Qa7 {[%emt 0:05:48]} Qd7 {[%emt 0:05:23]} 21. Rfc1 {[%emt 0:03:19]} e5 {[%emt 0:02:37]} 22. Qa3 {[%emt 0:02:19]} Qb5 {[%emt 0:01:39]} 23. Qc3 {[%emt 0:01:50]} Be6 {[%emt 0:02:40]} 24. Rc2 {[%emt 0:02:14]} Rb8 {[%emt 0:01:26]} 25. Ra5 {[%emt 0:00:47]} Qb6 {[%emt 0:56:36]} 26. Ra1 {[%emt 0:00:28]} Rc4 {[%emt 0:00:00]} 27. Qd2 {[%emt 0:00:35]} Rxc2 {[%emt 0:00:00]} 28. Qxc2 {[%emt 0:00:01]} Qxb2 {[%emt 0:00:00]} 29. Qa4 {[%emt 0:00:47]} Qd4 {[%emt 0:00:00]} 30. Qa5 {[%emt 0:02:02]} Rb2 {[%emt 0:00:00]} 31. Qe1 {[%emt 0:00:33]} Qd2 {[%emt 0:00:00]} 0-1

[Event "18th Charleroi Open-A 2019"]
[Site "Charleroi"]
[Date "2019.08.03"]
[Round "9.14"]
[White "Ghyselen, Wouter"]
[Black "Decrop, Benjamin"]
[Result "1/2-1/2"]
[WhiteElo "2078"]
[BlackElo "2183"]
[Annotator "NA"]
[PlyCount "62"]
[EventDate "2019.07.22"]
[EventType "swiss"]
[EventCountry "BEL"]
[SourceTitle "playchess.com"]
[Source "ChessBase"]
[SourceQuality "1"]
[TimeControl "40/5400+30:1800+30"]

1. d4 {[%emt 0:00:00]} Nf6 {[%emt 0:00:00]} 2. Bg5 {[%emt 0:00:00]} d5 {[%emt 0:00:00]} 3. e3 {[%emt 0:00:00]} c5 {[%emt 0:00:00]} 4. Bxf6 {[%emt 0:00:19]} gxf6 {[%emt 0:00:00]} 5. Nc3 {[%emt 0:00:04]} Nc6 {[%emt 0:00:09]} 6. Qh5 {[%emt 0:00:32]} e6 {[%emt 0:00:42]} 7. O-O-O {[%emt 0:00:25]} cxd4 {[%emt 0:02:56]} 8. exd4 {[%emt 0:03:59]} Bd7 {[%emt 0:00:37]} 9. Nge2 {[%emt 0:00:18]} f5 {[%emt 0:00:54]} 10. g3 {[%emt 0:04:00]} Qf6 {[%emt 0:01:53]} 11. Bg2 {[%emt 0:14:44]} Qh6+ {[%emt 0:12:09]} 12. Qxh6 {[%emt 0:00:40]} Bxh6+ {[%emt 0:00:04]} 13. Kb1 {[%emt 0:04:32]} O-O-O {[%emt 0:08:32]} 14. Bf3 {[%emt 0:04:06]} Bg7 {[%emt 0:16:33]} 15. Bh5 {[%emt 0:03:24]} Rhf8 {[%emt 0:05:03]} 16. Rd3 {[%emt 0:11:51]} Ne7 {[%emt 0:02:10]} 17. Rhd1 {[%emt 0:05:12]} Ng8 {[%emt 0:01:12]} 18. Nf4 {[%emt 0:20:39]} Kb8 {[%emt 0:03:09]} 19. Be2 {[%emt 0:05:04]} Bh8 {[%emt 0:10:04]} 20. Nh5 {[%emt 0:02:13]} Ne7 {[%emt 0:05:00]} 21. Bf1 {[%emt 0:08:59]} Rc8 {[%emt 0:02:43]} 22. Bh3 {[%emt 0:01:12]} Rg8 {[%emt 0:02:22]} 23. Nf4 {[%emt 0:02:41]} Ng6 {[%emt 0:02:26]} 24. Nh5 {[%emt 0:02:21]} Rc7 {[%emt 0:02:10]} 25. f3 {[%emt 0:00:54]} Ne7 {[%emt 0:02:01]} 26. g4 {[%emt 0:00:34]} fxg4 {[%emt 0:02:34]} 27. fxg4 {[%emt 0:00:03]} Be8 {[%emt 0:00:08]} 28. Nf4 {[%emt 0:01:53]} Ng6 {[%emt 0:03:56]} 29. Nh5 {[%emt 0:00:44]} Ne7 {[%emt 0:02:07]} 30. Nf4 {[%emt 0:00:02]} Ng6 {[%emt 0:06:37]} 31. Nh5 {[%emt 0:00:22]} Ne7 {[%emt 0:00:21]} 1/2-1/2

[Event "18th Charleroi Open-A 2019"]
[Site "Charleroi"]
[Date "2019.08.03"]
[Round "9.19"]
[White "Partoens, Remi"]
[Black "Boucquet, Emile"]
[Result "1-0"]
[WhiteElo "1957"]
[BlackElo "2064"]
[Annotator "NA"]
[PlyCount "129"]
[EventDate "2019.07.22"]
[EventType "swiss"]
[EventCountry "BEL"]
[SourceTitle "playchess.com"]
[Source "ChessBase"]
[SourceQuality "1"]
[TimeControl "40/5400+30:1800+30"]

1. e4 {[%emt 0:00:00]} c5 {[%emt 0:00:00]} 2. c3 {[%emt 0:00:58]} Nf6 {[%emt 0:00:08]} 3. e5 {[%emt 0:00:28]} Nd5 {[%emt 0:00:02]} 4. d4 {[%emt 0:00:23]} cxd4 {[%emt 0:00:02]} 5. cxd4 {[%emt 0:00:29]} Nc6 {[%emt 0:00:04]} 6. Nf3 {[%emt 0:00:11]} d6 {[%emt 0:00:04]} 7. Bc4 {[%emt 0:00:17]} Nb6 {[%emt 0:00:05]} 8. Bb3 {[%emt 0:00:03]} dxe5 {[%emt 0:00:03]} 9. dxe5 {[%emt 0:00:06]} Qxd1+ {[%emt 0:00:49]} 10. Bxd1 {[%emt 0:02:01]} Nc4 {[%emt 0:03:07]} 11. Nc3 {[%emt 0:04:54]} N4xe5 {[%emt 0:18:50]} 12. Nxe5 {[%emt 0:00:52]} Nxe5 {[%emt 0:04:06]} 13. O-O {[%emt 0:00:08]} Bd7 {[%emt 0:01:21]} 14. Bf4 {[%emt 0:04:53]} Ng6 {[%emt 0:01:39]} 15. Be3 {[%emt 0:06:39]} Bc6 {[%emt 0:03:22]} 16. Rc1 {[%emt 0:04:00]} e6 {[%emt 0:04:27]} 17. Bf3 {[%emt 0:03:20]} Bxf3 {[%emt 0:09:39]} 18. gxf3 {[%emt 0:00:15]} a6 {[%emt 0:32:07]} 19. Na4 {[%emt 0:04:25]} Bd6 {[%emt 0:02:49]} 20. Rfd1 {[%emt 0:18:05]} Rd8 {[%emt 0:05:37]} 21. Bb6 {[%emt 0:03:01]} Rd7 {[%emt 0:00:01]} 22. Bc5 {[%emt 0:08:42]} Bxc5 {[%emt 0:07:05]} 23. Rxd7 {[%emt 0:00:29]} Bxf2+ {[%emt 0:00:13]} 24. Kxf2 {[%emt 0:00:07]} Kxd7 {[%emt 0:00:05]} 25. Nc5+ {[%emt 0:00:06]} Ke7 {[%emt 0:00:28]} 26. Nxb7 {[%emt 0:00:39]} Rb8 {[%emt 0:00:57]} 27. Rc7+ {[%emt 0:00:15]} Kf6 {[%emt 0:00:06]} 28. Kg3 {[%emt 0:03:42]} h5 {[%emt 0:02:37]} 29. f4 {[%emt 0:07:26]} e5 {[%emt 0:03:11]} 30. Rc6+ {[%emt 0:04:12]} Ke7 {[%emt 0:00:06]} 31. f5 {[%emt 0:03:48]} Nf4 {[%emt 0:00:17]} 32. Rc7+ {[%emt 0:01:27]} Kf8 {[%emt 0:00:07]} 33. b3 {[%emt 0:00:24]} Nd5 {[%emt 0:00:49]} 34. Rd7 {[%emt 0:04:30]} Nf6 {[%emt 0:00:05]} 35. Rc7 {[%emt 0:01:20]} Ne8 {[%emt 0:00:24]} 36. Rd7 {[%emt 0:01:00]} Nf6 {[%emt 0:00:05]} 37. Rc7 {[%emt 0:00:06]} Nd5 {[%emt 0:00:02]} 38. Rd7 {[%emt 0:00:08]} Nb6 {[%emt 0:01:39]} 39. Rc7 {[%emt 0:00:10]} Na8 {[%emt 0:00:05]} 40. Rc6 {[%emt 0:00:42]} Rxb7 {[%emt 0:00:45]} 41. Rc8+ {[%emt 0:30:07]} Ke7 {[%emt 0:30:04]} 42. Rxa8 {[%emt 0:00:07]} Kf6 {[%emt 0:00:00]} 43. Rxa6+ {[%emt 0:00:00]} Kxf5 {[%emt 0:00:00]} 44. Rc6 {[%emt 0:00:00]} Rd7 {[%emt 0:00:00]} 45. Rc2 {[%emt 0:00:00]} Rd3+ {[%emt 0:00:00]} 46. Kf2 {[%emt 0:00:00]} Ke4 {[%emt 0:00:00]} 47. b4 {[%emt 0:00:00]} Rf3+ {[%emt 0:00:11]} 48. Kg2 {[%emt 0:00:00]} Rf6 {[%emt 0:01:39]} 49. b5 {[%emt 0:00:00]} Rb6 {[%emt 0:00:43]} 50. a4 {[%emt 0:00:00]} Kd5 {[%emt 0:01:53]} 51. Rc7 {[%emt 0:00:00]} Ke6 {[%emt 0:00:20]} 52. Rc1 {[%emt 0:00:00]} Kd6 {[%emt 0:00:18]} 53. Rf1 {[%emt 0:00:00]} Rb7 {[%emt 0:00:15]} 54. Rc1 {[%emt 0:00:45]} Rc7 {[%emt 0:02:17]} 55. Rb1 {[%emt 0:02:15]} Rc2+ {[%emt 0:00:19]} 56. Kf3 {[%emt 0:03:46]} Kc7 {[%emt 0:00:05]} 57. b6+ {[%emt 0:00:56]} Kb7 {[%emt 0:00:02]} 58. a5 {[%emt 0:00:14]} Ra2 {[%emt 0:00:04]} 59. Rb5 {[%emt 0:00:09]} f6 {[%emt 0:00:21]} 60. Ke4 {[%emt 0:00:50]} Ra4+ {[%emt 0:03:20]} 61. Kd5 {[%emt 0:05:40]} e4 {[%emt 0:00:18]} 62. Rc5 {[%emt 0:01:35]} e3 {[%emt 0:00:13]} 63. Rc7+ {[%emt 0:01:24]} Kb8 {[%emt 0:00:18]} 64. Rxg7 {[%emt 0:00:50]} e2 {[%emt 0:01:01]} 65. a6 {[%emt 0:01:02]} 1-0

[Event "18th Charleroi Open-A 2019"]
[Site "Charleroi"]
[Date "2019.08.03"]
[Round "9.21"]
[White "Verbist, Julien"]
[Black "De Block, Fabio"]
[Result "1/2-1/2"]
[WhiteElo "1974"]
[BlackElo "2039"]
[Annotator "NA"]
[PlyCount "51"]
[EventDate "2019.07.22"]
[EventType "swiss"]
[EventCountry "BEL"]
[SourceTitle "playchess.com"]
[Source "ChessBase"]
[SourceQuality "1"]
[TimeControl "40/5400+30:1800+30"]

1. e4 {[%emt 1:30:30]} c6 {[%emt 1:30:30]} 2. d4 {[%emt 0:00:30]} d5 {[%emt 0:00:30]} 3. exd5 {[%emt 0:00:30]} cxd5 {[%emt 0:00:30]} 4. Bd3 {[%emt 0:00:30]} Nc6 {[%emt 0:00:30]} 5. c3 {[%emt 0:00:30]} Qc7 {[%emt 0:00:30]} 6. h3 {[%emt 0:00:30]} Nf6 {[%emt 0:00:30]} 7. Nf3 {[%emt 0:00:30]} g6 {[%emt 0:00:30]} 8. O-O {[%emt 0:00:30]} Bg7 {[%emt 0:00:30]} 9. a4 {[%emt 0:00:30]} O-O {[%emt 0:00:30]} 10. Re1 {[%emt 0:00:30]} Nd7 {[%emt 0:00:30]} 11. Bc2 {[%emt 0:00:30]} b6 {[%emt 0:00:30]} 12. Bg5 {[%emt 0:00:30]} Re8 {[%emt 0:00:30]} 13. Nbd2 {[%emt 0:00:30]} Bb7 14. Bb3 e6 {[%emt 0:01:00]} 15. Bh4 {[%emt 0:01:00]} Na5 {[%emt 0:00:30]} 16. Bg3 {[%emt 0:00:30]} Qc8 {[%emt 0:00:30]} 17. Ba2 {[%emt 0:00:30]} a6 {[%emt 0:00:30]} 18. Ne5 {[%emt 0:00:30]} Nxe5 {[%emt 0:00:30]} 19. Bxe5 {[%emt 0:00:30]} Bxe5 {[%emt 0:00:30]} 20. Rxe5 {[%emt 0:00:30]} Qc6 {[%emt 0:00:30]} 21. b4 {[%emt 0:00:30]} Nc4 {[%emt 0:00:30]} 22. Bxc4 {[%emt 0:00:30]} dxc4 {[%emt 0:00:30]} 23. Qg4 {[%emt 0:00:30]} Rac8 {[%emt 0:00:30]} 24. a5 {[%emt 0:00:30]} b5 {[%emt 0:00:30]} 25. Rae1 {[%emt 0:00:30]} Qd7 {[%emt 0:00:30]} 26. Nf3 {[%emt 0:00:30]} 1/2-1/2

[Event "18th Charleroi Open-A 2019"]
[Site "Charleroi"]
[Date "2019.08.03"]
[Round "9.22"]
[White "Moerman, Thomas"]
[Black "Philippe, Denis-Emmanuel"]
[Result "0-1"]
[WhiteElo "1931"]
[BlackElo "2015"]
[Annotator "NA"]
[PlyCount "92"]
[EventDate "2019.07.22"]
[EventType "swiss"]
[EventCountry "BEL"]
[SourceTitle "playchess.com"]
[Source "ChessBase"]
[SourceQuality "1"]
[TimeControl "40/5400+30:1800+30"]

1. d4 {[%emt 0:01:09]} d5 {[%emt 1:30:30]} 2. c4 {[%emt 1:29:51]} c6 {[%emt 0:00:00]} 3. e3 {[%emt 0:00:30]} Nf6 {[%emt 0:01:00]} 4. Nc3 {[%emt 0:00:30]} e6 {[%emt 0:00:30]} 5. Nf3 {[%emt 0:00:30]} Nbd7 {[%emt 0:00:00]} 6. Be2 {[%emt 0:00:30]} Bd6 {[%emt 0:00:00]} 7. O-O {[%emt 0:00:30]} O-O {[%emt 0:00:00]} 8. Qc2 {[%emt 0:00:30]} dxc4 {[%emt 0:02:00]} 9. Bxc4 {[%emt 0:00:30]} b5 {[%emt 0:00:30]} 10. Be2 {[%emt 0:00:30]} Bb7 {[%emt 0:00:30]} 11. Rd1 {[%emt 0:00:30]} Qe7 {[%emt 0:00:30]} 12. e4 {[%emt 0:00:30]} e5 {[%emt 0:00:30]} 13. dxe5 Nxe5 14. Nd4 Bc5 {[%emt 0:01:00]} 15. Bg5 {[%emt 0:01:30]} Rfd8 {[%emt 0:00:30]} 16. Nf5 {[%emt 0:00:30]} Qe6 {[%emt 0:00:30]} 17. Rxd8+ {[%emt 0:00:30]} Rxd8 {[%emt 0:00:00]} 18. Rd1 {[%emt 0:00:30]} Re8 {[%emt 0:01:00]} 19. h3 {[%emt 0:00:30]} Ng6 {[%emt 0:00:30]} 20. Bf3 {[%emt 0:00:30]} Ne5 {[%emt 0:00:30]} 21. Ne2 {[%emt 0:00:30]} Nxf3+ {[%emt 0:00:30]} 22. gxf3 {[%emt 0:00:00]} Bf8 {[%emt 0:00:30]} 23. Qd2 {[%emt 0:01:00]} c5 {[%emt 0:00:30]} 24. Nf4 {[%emt 0:00:30]} Qe5 {[%emt 0:00:30]} 25. Bxf6 {[%emt 0:00:30]} Qxf6 {[%emt 0:00:30]} 26. Nd5 {[%emt 0:00:30]} Bxd5 {[%emt 0:00:00]} 27. Qxd5 {[%emt 0:00:30]} g6 {[%emt 0:01:00]} 28. Qd7 {[%emt 0:00:30]} Re6 {[%emt 0:00:30]} 29. Ng3 {[%emt 0:00:30]} Bd6 {[%emt 0:00:30]} 30. Kg2 {[%emt 0:00:30]} Bxg3 {[%emt 0:00:30]} 31. fxg3 {[%emt 0:00:30]} Qxb2+ {[%emt 0:00:00]} 32. Rd2 {[%emt 0:00:30]} Qc3 {[%emt 0:01:00]} 33. h4 {[%emt 0:00:30]} Qe3 {[%emt 0:00:30]} 34. Rd3 {[%emt 0:00:00]} Qe2+ {[%emt 0:00:00]} 35. Kh3 {[%emt 0:01:00]} Qf1+ {[%emt 0:01:00]} 36. Kh2 {[%emt 0:00:30]} Qe2+ {[%emt 0:00:30]} 37. Kh3 {[%emt 0:00:30]} Qf1+ {[%emt 0:00:00]} 38. Kh2 {[%emt 0:00:30]} a6 {[%emt 0:01:00]} 39. h5 {[%emt 0:00:30]} Qf2+ {[%emt 0:00:00]} 40. Kh3 {[%emt 0:00:30]} Qf1+ {[%emt 0:01:00]} 41. Kg4 {[%emt 0:30:30]} gxh5+ {[%emt 0:30:30]} 42. Kf4 {[%emt 0:00:30]} Qc1+ {[%emt 0:00:00]} 43. Rd2 {[%emt 0:00:30]} Kg7 {[%emt 0:01:00]} 44. Qd8 {[%emt 0:00:30]} Qc3 {[%emt 0:00:30]} 45. Rd5 {[%emt 0:00:30]} Rf6+ {[%emt 0:00:00]} 46. Rf5 {[%emt 0:00:30]} Qc1+ {[%emt 0:01:00]} 0-1

[Event "18th Charleroi Open-A 2019"]
[Site "Charleroi"]
[Date "2019.08.03"]
[Round "9.23"]
[White "Vernimmen, Pierre"]
[Black "De Weird, Matthias"]
[Result "1-0"]
[WhiteElo "1911"]
[BlackElo "2009"]
[Annotator "NA"]
[PlyCount "81"]
[EventDate "2019.07.22"]
[EventType "swiss"]
[EventCountry "BEL"]
[SourceTitle "playchess.com"]
[Source "ChessBase"]
[SourceQuality "1"]
[TimeControl "40/5400+30:1800+30"]

1. e4 {[%emt 0:00:00]} e5 {[%emt 0:00:00]} 2. Nf3 {[%emt 0:00:00]} Nc6 {[%emt 0:00:00]} 3. Bb5 {[%emt 0:00:00]} Nd4 {[%emt 0:00:00]} 4. Nxd4 {[%emt 0:00:23]} exd4 {[%emt 0:00:02]} 5. O-O {[%emt 0:00:32]} c6 {[%emt 0:00:47]} 6. Bc4 {[%emt 0:00:11]} g6 {[%emt 0:01:31]} 7. Qf3 {[%emt 0:09:41]} Qf6 {[%emt 0:00:14]} 8. Qxf6 {[%emt 0:01:37]} Nxf6 {[%emt 0:00:05]} 9. d3 {[%emt 0:01:09]} Bg7 {[%emt 0:00:11]} 10. e5 {[%emt 0:06:49]} Ng4 {[%emt 0:00:14]} 11. f4 {[%emt 0:00:40]} h5 {[%emt 0:00:51]} 12. h3 {[%emt 0:00:44]} Nh6 {[%emt 0:00:07]} 13. Nd2 {[%emt 0:00:53]} O-O {[%emt 0:00:37]} 14. Ne4 {[%emt 0:01:59]} d5 {[%emt 0:03:05]} 15. exd6 {[%emt 0:00:37]} Bf5 {[%emt 0:00:12]} 16. Bd2 {[%emt 0:10:59]} Rad8 {[%emt 0:00:39]} 17. a4 {[%emt 0:00:58]} Rfe8 {[%emt 0:06:20]} 18. Rfe1 {[%emt 0:04:31]} Bxe4 {[%emt 0:02:49]} 19. dxe4 {[%emt 0:01:33]} Rxd6 {[%emt 0:00:12]} 20. a5 {[%emt 0:03:37]} c5 {[%emt 0:08:20]} 21. Kf2 {[%emt 0:03:20]} Kh7 {[%emt 0:01:29]} 22. Kf3 {[%emt 0:00:44]} f6 {[%emt 0:00:36]} 23. g4 {[%emt 0:01:27]} Re7 {[%emt 0:08:46]} 24. b4 {[%emt 0:14:04]} cxb4 {[%emt 0:05:42]} 25. gxh5 {[%emt 0:06:36]} gxh5 {[%emt 0:01:27]} 26. Bxb4 {[%emt 0:00:36]} Rc7 {[%emt 0:00:05]} 27. Bxd6 {[%emt 0:00:45]} Rxc4 {[%emt 0:00:05]} 28. Ra2 {[%emt 0:01:39]} Rc3+ {[%emt 0:00:09]} 29. Kg2 {[%emt 0:00:16]} b5 {[%emt 0:02:19]} 30. a6 {[%emt 0:01:01]} Nf7 {[%emt 0:01:07]} 31. Bb8 {[%emt 0:00:47]} b4 {[%emt 0:00:46]} 32. Bxa7 {[%emt 0:00:21]} d3 {[%emt 0:00:38]} 33. cxd3 {[%emt 0:00:21]} b3 {[%emt 0:00:30]} 34. Rb2 {[%emt 0:08:15]} Rc6 {[%emt 0:04:03]} 35. Ra1 {[%emt 0:02:13]} f5 {[%emt 0:03:14]} 36. e5 {[%emt 0:00:13]} Rg6+ {[%emt 0:00:26]} 37. Kf3 {[%emt 0:01:08]} Bxe5 {[%emt 0:00:29]} 38. fxe5 {[%emt 0:00:43]} Nxe5+ {[%emt 0:00:10]} 39. Ke3 {[%emt 0:00:59]} Rg3+ {[%emt 0:01:33]} 40. Kf4 {[%emt 0:00:30]} Rg7 {[%emt 0:00:35]} 41. Kxe5 {[%emt 0:30:05]} 1-0